| 000 | 00453nam a2200157Ia 4500 | ||
|---|---|---|---|
| 008 | 240729s9999 xx 000 0 und d | ||
| 022 | _a2765-1614 | ||
| 245 | 0 | _aJournal of Chest Surgery | |
| 260 | _aKorea, Republic of | ||
| 260 | _bKorean Society for Thoracic & Cardiovascular Surgery | ||
| 650 | _a Medicine (General) | ||
| 650 | _aMedicine | ||
| 856 | _uhttps://doaj.org/toc/544743daaddd473bb703eb4d40c7be82 | ||
| 942 | _2ddc | ||
| 942 | _cDOAJEJ | ||
| 999 |
_c72148 _d72148 |
||
| 945 |
_a1 _bMadushi Gamage _c1 _dMadushi Gamage |
||